[Event "Ischia op 3rd"]
[Site "Ischia "]
[Date "2011.07.30"]
[Round "5"]
[White "Magaldi, Giuseppe"]
[Black "Dazj, Andrea"]
[Result "0-1"]
[WhiteElo "1452"]
[BlackElo "1875"]
[PlyCount "53"]
[EventDate "2011.07.26"]
[EventType "swiss"]
[EventRounds "9"]
[EventCountry "ITA"]
[SourceTitle "EXT 2014"]
[Source "ChessBase"]
[SourceDate "2013.11.20"]
[SourceVersion "1"]
[SourceVersionDate "2013.11.20"]
[SourceQuality "1"]

1. d4 Nf6 2. Nf3 g6 3. Nbd2 Bg7 4. e3 d6 5. h3 Nbd7 6. Bd3 0-0 7. c3 Re8 8. Qe2 e5 9. 0-0 e4 10. Bxe4 Nxe4 11. Nxe4 Rxe4 12. g3 Nf6 13. Ng5 Re8 14. h4 h6 15. Nf3 Bg4 16. Kg2 Qd7 17. Rh1 Re6 18. Qd3 Bf5 19. Qe2 Be4 20. d5 Nxd5 21. Bd2 Rf6 22. Qc4 Bxf3+ 23. Kg1 Bxh1 24. Kxh1 Rxf2 25. g4 Rxd2 26. h5 gxh5 27. Rg1 0-1

[Event "Ischia op 3rd"]
[Site "Ischia "]
[Date "2011.07.28"]
[Round "3"]
[White "Dazj, Andrea"]
[Black "Soldatov, Ilja"]
[Result "0-1"]
[WhiteElo "1875"]
[BlackElo "2158"]
[PlyCount "80"]
[EventDate "2011.07.26"]
[EventType "swiss"]
[EventRounds "9"]
[EventCountry "ITA"]
[SourceTitle "EXT 2014"]
[Source "ChessBase"]
[SourceDate "2013.11.20"]
[SourceVersion "1"]
[SourceVersionDate "2013.11.20"]
[SourceQuality "1"]

1. d4 Nf6 2. Nf3 e6 3. Bg5 c5 4. c3 Qb6 5. Qc2 Nc6 6. e3 Be7 7. Nbd2 d5 8. Bd3 h6 9. Bh4 Bd7 10. Rb1 Rc8 11. Qd1 Qa5 12. a3 Nd8 13. Qe2 Qa4 14. Rc1 Nc6 15. 0-0 0-0 16. Ne5 Nxe5 17. Bxf6 Bxf6 18. dxe5 Bxe5 19. f4 Bb8 20. Rf3 f5 21. Rg3 e5 22. Rf1 e4 23. Bb1 Bb5 24. c4 Bxc4 25. Nxc4 Qxc4 26. Qh5 Rc6 27. Rg6 Rxg6 28. Qxg6 d4 29. exd4 cxd4 30. g4 d3 31. gxf5 Bc7 32. Kh1 Rf6 33. Qe8+ Kh7 34. Rg1 Bb6 35. Re1 d2 36. Rd1 e3 37. Rg1 e2 38. Rxg7+ Kxg7 39. Qe7+ Qf7 40. Qxe2 Qd5+ 0-1

[Event "Offida Winter op 8th"]
[Site "Offida"]
[Date "2010.12.12"]
[Round "5"]
[White "Dazj, Andrea"]
[Black "Di Donatantonio, Franco"]
[Result "0-1"]
[WhiteElo "1864"]
[BlackElo "2123"]
[PlyCount "88"]
[EventDate "2010.12.05"]
[EventType "swiss"]
[EventRounds "6"]
[EventCountry "ITA"]
[SourceTitle "EXT 2024"]
[Source "ChessBase"]
[SourceDate "2023.10.10"]
[SourceVersion "1"]
[SourceVersionDate "2023.10.10"]
[SourceQuality "1"]

1. Nf3 Nf6 2. g3 d6 3. Bg2 e5 4. d3 Be7 5. Nbd2 0-0 6. 0-0 c6 7. e4 Qc7 8. Qe2 Nbd7 9. Re1 Re8 10. Nf1 Nf8 11. Ne3 Ng6 12. h3 h6 13. Nh2 Be6 14. Rf1 Rad8 15. f4 Bc8 16. f5 Nf8 17. Neg4 N6h7 18. Nf2 d5 19. Be3 b6 20. h4 Ba6 21. c4 dxc4 22. dxc4 Nd7 23. b3 Bc5 24. Bc1 Bd4 25. Rb1 b5 26. g4 bxc4 27. Kh1 Nc5 28. bxc4 Qe7 29. Nf3 Bxf2 30. Rxf2 Nd3 31. Rf1 Bxc4 32. Qc2 Bb5 33. a4 Nb4 34. Qc3 Bxf1 35. Bxf1 Rd1 36. Kg2 Na2 37. Qc2 Rxc1 38. Rxc1 Nxc1 39. Qxc1 Nf6 40. Qxc6 Nxg4 41. Bb5 Rd8 42. Kg3 h5 43. a5 Qa3 44. a6 Qe3 0-1

[Event "Porto Sant Elpidio op U16 11th"]
[Site "Porto Sant Elpidio"]
[Date "2008.11.30"]
[Round "5"]
[White "Dazj, Andrea"]
[Black "Marchetti, Michael"]
[Result "1-0"]
[WhiteElo "1560"]
[BlackElo "1443"]
[PlyCount "115"]
[EventDate "2008.11.22"]
[EventType "tourn"]
[EventRounds "7"]
[EventCountry "ITA"]
[SourceTitle "EXT 2011"]
[Source "ChessBase"]
[SourceDate "2010.11.26"]
[SourceVersion "1"]
[SourceVersionDate "2010.11.26"]
[SourceQuality "1"]

1. e4 e5 2. Nf3 Nc6 3. Bc4 Bc5 4. Nc3 d6 5. h3 Nf6 6. d3 0-0 7. Bg5 h6 8. Bh4 Re8 9. Nd5 Be6 10. Nxf6+ gxf6 11. Bb5 a6 12. Ba4 b5 13. Bb3 Na5 14. Bxe6 fxe6 15. a3 Nb7 16. b4 Bb6 17. Qc1 Kh7 18. Nh2 a5 19. Ng4 Rh8 20. Qxh6+ Kg8 21. Qg6+ Kf8 22. Bxf6 Qd7 23. Bxh8 Qf7 24. Qf6 axb4 25. Ke2 bxa3 26. Ra2 Bd4 27. Rb1 Bb2 28. Rbxb2 Qxf6 29. Bxf6 axb2 30. Rxb2 c6 31. h4 Kf7 32. c4 Ra5 33. Bg5 Ra6 34. cxb5 Rb6 35. Rc2 c5 36. Rb2 Kg6 37. Ne3 Na5 38. Nc4 Nxc4 39. dxc4 Rb7 40. b6 Kf7 41. g4 Ke8 42. h5 Kd7 43. h6 Kc6 44. Bf6 Rh7 45. g5 Kb7 46. Bg7 d5 47. cxd5 exd5 48. exd5 c4 49. g6 c3 50. Rc2 Kxb6 51. gxh7 Kc5 52. h8Q Kb4 53. Qb8+ Kc4 54. Qc7+ Kxd5 55. Rxc3 Ke6 56. Qxe5+ Kd7 57. Rc7+ Kd8 58. Qe7# 1-0

[Event "Porto Sant Elpidio op U16 11th"]
[Site "Porto Sant Elpidio"]
[Date "2008.11.23"]
[Round "2"]
[White "Dazj, Andrea"]
[Black "Cocciaretto, Marco"]
[Result "0-1"]
[WhiteElo "1560"]
[BlackElo "1344"]
[PlyCount "128"]
[EventDate "2008.11.22"]
[EventType "tourn"]
[EventRounds "7"]
[EventCountry "ITA"]
[SourceTitle "EXT 2011"]
[Source "ChessBase"]
[SourceDate "2010.11.26"]
[SourceVersion "1"]
[SourceVersionDate "2010.11.26"]
[SourceQuality "1"]

1. c4 e5 2. Nc3 Nc6 3. g3 Bc5 4. Bg2 Nf6 5. d3 h6 6. Nf3 0-0 7. 0-0 d6 8. a3 Nd4 9. b4 Nxf3+ 10. Bxf3 Bd4 11. Bb2 Bh3 12. Re1 Bg4 13. Bxb7 Rb8 14. Bg2 Qc8 15. Qc2 Bh3 16. e3 Bxc3 17. Bxc3 d5 18. cxd5 Qf5 19. e4 Qh5 20. Qe2 Ng4 21. Bf3 Rb6 22. Bxg4 Bxg4 23. Qe3 Rf6 24. f4 Re8 25. fxe5 Rf3 26. Qd2 Rc8 27. Rf1 Bh3 28. Rxf3 Qxf3 29. Re1 c5 30. b5 c4 31. d4 Rb8 32. Bb4 c3 33. Bxc3 Rxb5 34. Qf2 Qxc3 35. Qe3 Qc2 36. Qe2 Qc3 37. Rd1 Rb2 38. Rd3 Rb1+ 39. Kf2 Rf1+ 40. Qxf1 Qc2+ 41. Qe2 Qc1 42. Qe1 Qc2+ 43. Rd2 Qc3 44. d6 Bg4 45. Qe3 Qc1 46. d5 Qh1 47. h4 Qh2+ 48. Kf1 Bh3+ 49. Ke1 Qh1+ 50. Qg1 Qxg1+ 51. Ke2 Qf1+ 52. Ke3 Qg1+ 53. Kd3 Bf1+ 54. Kc3 Qxg3+ 55. Kd4 Qxa3 56. d7 Qb4+ 57. Ke3 Qc3+ 58. Kf2 Qxd2+ 59. Kxf1 Qf4+ 60. Kg1 Qg3+ 61. Kf1 Qxh4 62. e6 fxe6 63. dxe6 Kf8 64. e5 Ke7 0-1

[Event "Porto Sant Elpidio op U16 11th"]
[Site "Porto Sant Elpidio"]
[Date "2008.11.23"]
[Round "3"]
[White "Gregori, Giacomo"]
[Black "Dazj, Andrea"]
[Result "1/2-1/2"]
[WhiteElo "1497"]
[BlackElo "1560"]
[PlyCount "52"]
[EventDate "2008.11.22"]
[EventType "tourn"]
[EventRounds "7"]
[EventCountry "ITA"]
[SourceTitle "EXT 2011"]
[Source "ChessBase"]
[SourceDate "2010.11.26"]
[SourceVersion "1"]
[SourceVersionDate "2010.11.26"]
[SourceQuality "1"]

1. d4 d5 2. c4 c6 3. Nf3 Bf5 4. Bf4 e6 5. Nc3 Bd6 6. Bxd6 Qxd6 7. e3 Nd7 8. Rc1 Ngf6 9. cxd5 cxd5 10. Qb3 Rb8 11. Nb5 Qb6 12. Nc7+ Ke7 13. Qxb6 Nxb6 14. Be2 Rhc8 15. 0-0 Ne8 16. Nxe8 Kxe8 17. Nd2 Kd7 18. Nb3 Kd6 19. Rfd1 Na4 20. Rd2 a6 21. Bd1 Rxc1 22. Nxc1 Rc8 23. Bxa4 Rxc1+ 24. Rd1 Rxd1+ 25. Bxd1 Bd3 26. f3 Kc6 1/2-1/2